Robot Wars Grand Finalists - Statistics

General Stats
  • This quiz has been taken 48 times
  • The average score is 24 of 38
Answer Stats
Hint Answer % Correct
Winner Razer
88%
Runner-Up Razer
88%
Runner-Up Hypnodisc
84%
4th Hypnodisc
84%
4th Hypnodisc
84%
3rd Firestorm
81%
Winner Panic Attack
81%
Runner-Up Carbide
78%
Winner Carbide
78%
Runner-Up Carbide
78%
Winner Chaos 2
78%
Winner Chaos 2
78%
Winner Tornado
78%
3rd Tornado
78%
Runner-Up Pussycat
75%
Winner Apollo
69%
Runner-Up Eruption
69%
Winner Eruption
69%
Winner Typhoon 2
69%
3rd Behemoth
66%
Runner-Up Bigger Brother
66%
3rd Roadblock
63%
Runner-Up Storm2
63%
Runner-Up Cassius
59%
3rd Stinger
59%
4th X-Terminator
56%
4th Thor
53%
4th Terrorhurtz
50%
4th Aftershock
44%
3rd Firestorm 3
44%
4th Rapid
44%
3rd Firestorm 4
38%
Nuts 2
38%
3rd Ironside3
34%
Magnetar
34%
4th Killertron
31%
4th Steg-O-Saw-Us
28%
3rd TR2
25%
No matching quizzes found
Score Distribution
Percent of People with Each Score
Percentile by Number Answered
Your Score History
You have not taken this quiz